Statistics for 5 Closest Countries To Islands

Click here to take the quiz!

General Stats

  • This quiz has been taken 78 times
  • The average score is 25 of 30

Answer Stats

IslandKmMiCountry% Correct
Greenland32.820.4Canada
100%
Greenland296.0183.9Iceland
97%
Greenland1,495.9929.5United Kingdom
96%
Greenland1,428.7887.7Norway
93%
Greenland1,593.9990.4Sweden
93%
West Falkland507.8315.5Argentina
91%
Bali1,041.7647.3Malaysia
90%
West Falkland2,033.71,263.7Brazil
89%
West Falkland416.3258.7Chile
89%
Puerto Rico535.4332.7Dominica
89%
Puerto Rico480.9298.8Haiti
89%
West Falkland1,852.91,151.4Uruguay
89%
Bali1,245.7774.1Australia
87%
Puerto Rico114.0670.9Dominican Republic
87%
Bali932.6579.3East Timor
84%
West Falkland2,644.51,643.2Paraguay
84%
Bali1,498.8931.3Singapore
84%
Puerto Rico421.2261.7Antigua & Barbuda
80%
Principe627.0389.6Republic of Congo
80%
Principe263.9164.0Cameroon
79%
Principe192.5119.6Equatorial Guinea
79%
Principe234.3145.6Gabon
79%
Puerto Rico309.7192.4St. Kitts & Nevis
79%
Bali1,348.1837.7Brunei
76%
Niue1,111.3690.5Fiji
76%
Niue564.1350.5Samoa
76%
Principe298.3185.4Nigeria
74%
Niue561.4348.8Tonga
74%
Niue2,474.51,537.6Vanuatu
74%
Niue1,646.81,023.3Tuvalu
71%

Score Distribution

Percentile by Number Answered

Percent of People with Each Score

Your Score History

You have not taken this quiz